[Event "46th GRE-chT Premier 2018"]
[Site "Rio Achaia"]
[Date "2018.07.15"]
[Round "7"]
[White "Stefan, Victor"]
[Black "Georgakopoulos, Nikolaos K"]
[Result "0-1"]
[WhiteElo "2102"]
[BlackElo "2033"]
[Annotator "NA"]
[PlyCount "118"]
[EventDate "2018.07.10"]
[EventType "team-tourn"]
[EventCountry "GRE"]
[SourceTitle "playchess.com"]
[Source "ChessBase"]
[SourceQuality "1"]

1. e4 c5 2. Nf3 Nc6 3. d4 cxd4 4. Nxd4 Nf6 5. Nc3 e5 6. Ndb5 d6 7. Nd5 Nxd5 8. exd5 Nb8 9. a4 Be7 10. Be2 O-O 11. O-O Nd7 12. Kh1 a6 13. Na3 f5 14. f4 exf4 15. Bxf4 Ne5 16. Nc4 Bf6 17. c3 g5 18. Be3 f4 19. Bb6 Qe7 20. Nxe5 Bxe5 21. Bg4 Qg7 22. Qf3 Bxg4 23. Qxg4 Qg6 24. Rae1 h5 25. Qe2 Rae8 26. Qe4 Kg7 27. a5 Qxe4 28. Rxe4 Kg6 29. Rfe1 Kf5 30. b4 Rc8 31. Bd4 Rc4 32. Rxe5+ dxe5 33. Rxe5+ Kg6 34. Re6+ Kf7 35. Rb6 Rc7 36. Kg1 Rd7 37. Rf6+ Ke8 38. Re6+ Kf7 39. Rf6+ Ke8 40. Re6+ Kd8 41. c4 Rdf7 42. b5 axb5 43. cxb5 Rf5 44. Rd6+ Kc7 45. Bc5 R8f6 46. b6+ Kc8 47. Rxf6 Rxf6 48. Be7 Rf5 49. d6 Rxa5 50. Kf2 g4 51. h3 Ra2+ 52. Kf1 Kd7 53. hxg4 hxg4 54. Bg5 Ra4 55. Kf2 Kxd6 56. Bd8 Ke5 57. Bc7+ Ke4 58. Kg1 Ra2 59. Kf1 f3 0-1

[Event "46th GRE-chT Premier 2018"]
[Site "Rio Achaia"]
[Date "2018.07.15"]
[Round "7"]
[White "Ivanova, Simoneta"]
[Black "Skaraki, Antigoni"]
[Result "1/2-1/2"]
[WhiteElo "2091"]
[BlackElo "2027"]
[Annotator "NA"]
[PlyCount "73"]
[EventDate "2018.07.10"]
[EventType "team-tourn"]
[EventCountry "GRE"]
[SourceTitle "playchess.com"]
[Source "ChessBase"]
[SourceQuality "1"]

1. d4 Nf6 2. c4 g6 3. Nc3 Bg7 4. e4 d6 5. Nf3 O-O 6. Be2 e5 7. d5 a5 8. Bg5 h6 9. Bh4 Na6 10. Nd2 Qe8 11. a3 Bd7 12. b3 Nh7 13. O-O h5 14. f3 Bh6 15. Bf2 f5 16. Rb1 Nc5 17. Rb2 b6 18. Qb1 Bxd2 19. Rxd2 f4 20. b4 axb4 21. axb4 Na4 22. Nxa4 Rxa4 23. c5 Bb5 24. Rc1 Bxe2 25. Rxe2 Qb5 26. Rb2 Rfa8 27. cxd6 cxd6 28. Be1 g5 29. Qc2 Ra1 30. Rbb1 Rxb1 31. Rxb1 Nf8 32. Rc1 Ra3 33. Qc6 Qe2 34. Qc2 Qb5 35. Qc6 Qe2 36. Qc2 Qb5 37. Qc6 1/2-1/2

[Event "46th GRE-chT Premier 2018"]
[Site "Rio Achaia"]
[Date "2018.07.15"]
[Round "7"]
[White "Kalodoukas, Odysseas"]
[Black "Sourgkounis, Angelos"]
[Result "1-0"]
[WhiteElo "2089"]
[BlackElo "1976"]
[Annotator "NA"]
[PlyCount "83"]
[EventDate "2018.07.10"]
[EventType "team-tourn"]
[EventCountry "GRE"]
[SourceTitle "playchess.com"]
[Source "ChessBase"]
[SourceQuality "1"]

1. d4 Nf6 2. c4 d6 3. Nc3 Nbd7 4. e4 e5 5. Be3 Be7 6. f3 c6 7. Nge2 Qc7 8. Qd2 a6 9. Rc1 O-O 10. Ng3 Rd8 11. Be2 Nf8 12. O-O Ng6 13. a3 Qb8 14. d5 c5 15. b4 b6 16. Rb1 Qc7 17. Rb2 Bd7 18. Rfb1 Rdb8 19. Rb3 h5 20. Qb2 Re8 21. bxc5 bxc5 22. Rb7 Qc8 23. Bd1 h4 24. Nf1 Nf4 25. Ba4 Bd8 26. Qc2 Re7 27. Bxd7 Rxd7 28. R7b2 N6h5 29. g3 Nh3+ 30. Kh1 Bc7 31. Qg2 Rd8 32. Bd2 f6 33. Ne3 Ng5 34. Nf5 h3 35. Qe2 Qd7 36. f4 exf4 37. gxf4 Nxe4 38. Qxe4 Re8 39. Qd3 g6 40. Rg1 Kh7 41. Nh4 f5 42. Qxh3 1-0

[Event "46th GRE-chT Premier 2018"]
[Site "Rio Achaia"]
[Date "2018.07.15"]
[Round "7"]
[White "Krasteva, Beloslava"]
[Black "Markaki, Sofia"]
[Result "1-0"]
[WhiteElo "2086"]
[BlackElo "1694"]
[Annotator "NA"]
[PlyCount "119"]
[EventDate "2018.07.10"]
[EventType "team-tourn"]
[EventCountry "GRE"]
[SourceTitle "playchess.com"]
[Source "ChessBase"]
[SourceQuality "1"]

1. d4 d5 2. c4 c6 3. cxd5 cxd5 4. Nf3 Nf6 5. Nc3 Nc6 6. Bf4 Bf5 7. e3 e6 8. Qb3 Qb6 9. Qxb6 axb6 10. Bb5 Bb4 11. O-O O-O 12. Rfc1 Ra5 13. Be2 Rfa8 14. a3 Bxc3 15. Rxc3 Nd7 16. Rac1 f6 17. Bd6 e5 18. b4 Ra4 19. b5 Na5 20. dxe5 fxe5 21. Nxe5 Nxe5 22. Bxe5 Nc4 23. Bxc4 dxc4 24. Rxc4 Rxc4 25. Rxc4 Rxa3 26. h3 Rb3 27. Rc7 g6 28. Rxb7 Rxb5 29. Bd4 Rb1+ 30. Kh2 b5 31. Rg7+ Kf8 32. Rxh7 b4 33. Rb7 b3 34. f3 Bc2 35. Kg3 Rg1 36. e4 Rd1 37. Be5 Rd2 38. Rb6 g5 39. Bf6 Bd3 40. Rxb3 Bf1 41. Rb2 Rxb2 42. Bxb2 Kf7 43. Kf2 Bb5 44. g3 Bd7 45. g4 Bb5 46. Be5 Ke6 47. Bg3 Bc6 48. h4 Kf6 49. Ke3 Bb7 50. Bc7 gxh4 51. Bd8+ Ke6 52. Bxh4 Kd6 53. f4 Bc8 54. f5 Kd7 55. Kf4 Ke8 56. e5 Kf7 57. e6+ Ke8 58. Ke5 Kf8 59. f6 Kg8 60. f7+ 1-0

[Event "46th GRE-chT Premier 2018"]
[Site "Rio Achaia"]
[Date "2018.07.15"]
[Round "7"]
[White "Manelidou, Maria"]
[Black "Koutsogiannopoulou, Theodora"]
[Result "1-0"]
[WhiteElo "2078"]
[BlackElo "1852"]
[Annotator "NA"]
[PlyCount "65"]
[EventDate "2018.07.10"]
[EventType "team-tourn"]
[EventCountry "GRE"]
[SourceTitle "playchess.com"]
[Source "ChessBase"]
[SourceQuality "1"]

1. e4 c5 2. Nf3 d6 3. d4 Nf6 4. Nc3 cxd4 5. Nxd4 a6 6. Qd3 e5 7. Nf5 Bxf5 8. exf5 d5 9. Bg5 d4 10. Bxf6 Qxf6 11. Ne4 Qb6 12. Be2 Be7 13. O-O-O Nc6 14. a3 O-O-O 15. Qc4 Rd7 16. f6 Bxa3 17. bxa3 Rc7 18. fxg7 Rd8 19. Bg4+ Kb8 20. Qc5 Qxc5 21. Nxc5 Ne7 22. Nd7+ Ka7 23. Nxe5 f6 24. Nf7 Rg8 25. Rxd4 Rxg7 26. Nd6 Nc6 27. Re4 Rg5 28. Ne8 Rf7 29. Bf3 Ne5 30. h4 Rg8 31. Nxf6 Rxf6 32. Rxe5 Rg7 33. Rhe1 1-0

[Event "46th GRE-chT Premier 2018"]
[Site "Rio Achaia"]
[Date "2018.07.15"]
[Round "7"]
[White "Triantos, Konstantinos"]
[Black "Kazakos, Markos"]
[Result "0-1"]
[WhiteElo "2078"]
[BlackElo "2051"]
[Annotator "NA"]
[PlyCount "70"]
[EventDate "2018.07.10"]
[EventType "team-tourn"]
[EventCountry "GRE"]
[SourceTitle "playchess.com"]
[Source "ChessBase"]
[SourceQuality "1"]

1. e4 Nc6 2. Nf3 d6 3. d4 Nf6 4. d5 Nb8 5. Bd3 g6 6. Be3 Bg7 7. Qd2 O-O 8. Bh6 e6 9. Nc3 exd5 10. O-O-O dxe4 11. Nxe4 d5 12. Ng3 c5 13. h4 Bxh6 14. Qxh6 Ng4 15. Qd2 h5 16. Bc4 Be6 17. Bxd5 Bxd5 18. Qxd5 Qxd5 19. Rxd5 Nxf2 20. Rf1 Ng4 21. Rxc5 Nc6 22. Ng5 Rad8 23. b3 Ne3 24. Rf3 Nxg2 25. Nxh5 Nd4 26. Rf2 Nxh4 27. Rh2 Ndf5 28. Nf6+ Kg7 29. Nge4 Rc8 30. Re5 Rc6 31. Rb5 Rxf6 32. Nxf6 Kxf6 33. Rxb7 g5 34. Rb4 Kg6 35. Kd2 Nf3+ 0-1

[Event "46th GRE-chT Premier 2018"]
[Site "Rio Achaia"]
[Date "2018.07.15"]
[Round "7"]
[White "Zisiadis, Dimitrios"]
[Black "Alexakis, Georgios"]
[Result "1-0"]
[WhiteElo "2075"]
[BlackElo "2045"]
[Annotator "NA"]
[PlyCount "109"]
[EventDate "2018.07.10"]
[EventType "team-tourn"]
[EventCountry "GRE"]
[SourceTitle "playchess.com"]
[Source "ChessBase"]
[SourceQuality "1"]

1. Nf3 Nf6 2. g3 e6 3. Bg2 d5 4. O-O Bd6 5. d3 O-O 6. Nbd2 e5 7. e4 c6 8. b3 Re8 9. Bb2 Nbd7 10. Re1 Qc7 11. Nh4 Nf8 12. Nf5 Bxf5 13. exf5 b5 14. Qf3 N8d7 15. h3 Nc5 16. Qe3 a5 17. a3 Rad8 18. Qg5 Nfd7 19. Re2 Be7 20. Qe3 f6 21. Rae1 Nb7 22. Qf3 Nb6 23. Qg4 Bd6 24. f4 c5 25. Nf3 Nd7 26. fxe5 Nxe5 27. Nxe5 Bxe5 28. Bxe5 fxe5 29. f6 g6 30. Qg5 e4 31. dxe4 Re5 32. Qf4 d4 33. Rf2 Rf8 34. h4 Nd8 35. Bh3 Qd6 36. Ref1 Nf7 37. Kh2 c4 38. bxc4 bxc4 39. Qf3 Rd8 40. Rd1 Qc6 41. Bg2 Rd6 42. Rfd2 Rxf6 43. Qe2 Qc5 44. Rxd4 Qxa3 45. Qxc4 Kg7 46. Rd7 g5 47. Rf1 Rxf1 48. Qxf1 Qf8 49. hxg5 Rxg5 50. Qf4 Rg6 51. e5 Rh6+ 52. Bh3 Qe8 53. Qf5 Kg8 54. e6 Nd8 55. Qg5+ 1-0

[Event "46th GRE-chT Premier 2018"]
[Site "Rio Achaia"]
[Date "2018.07.15"]
[Round "7"]
[White "Iordanidou, Zoi"]
[Black "Videnova, Iva"]
[Result "1/2-1/2"]
[WhiteElo "2060"]
[BlackElo "2369"]
[Annotator "NA"]
[PlyCount "169"]
[EventDate "2018.07.10"]
[EventType "team-tourn"]
[EventCountry "GRE"]
[SourceTitle "playchess.com"]
[Source "ChessBase"]
[SourceQuality "1"]

1. e4 c5 2. Nf3 e6 3. d3 Nc6 4. g3 d5 5. Nbd2 Nf6 6. Bg2 g6 7. O-O Bg7 8. Re1 O-O 9. c3 a5 10. a4 b6 11. Qc2 Ba6 12. Bf1 Rc8 13. Nb1 h6 14. h4 e5 15. Na3 Qd7 16. Qb3 dxe4 17. dxe4 Bxf1 18. Rxf1 Qh3 19. Re1 Nh5 20. Qd1 Rcd8 21. Qe2 f5 22. Qf1 Qxf1+ 23. Rxf1 fxe4 24. Ne1 Rd1 25. Nc4 Nf6 26. Ne3 Rd7 27. N1c2 Ne7 28. Nc4 Nfd5 29. Re1 Nc6 30. N2e3 Nce7 31. Ng4 Nf5 32. Rxe4 Re8 33. Re1 e4 34. Nge3 Re6 35. Nxd5 Rxd5 36. Bf4 Bf6 37. Rad1 Rxd1 38. Rxd1 g5 39. hxg5 hxg5 40. Bc7 e3 41. fxe3 Kf7 42. Kf2 Re4 43. Nxb6 Nxe3 44. Rd3 Nf5 45. Kf3 Re1 46. Nc4 Ra1 47. b3 Rb1 48. Nd2 Rb2 49. Bxa5 c4 50. Nxc4 Rxb3 51. Bb4 Nd4+ 52. Ke4 Nc6 53. Na5 Nxa5 54. Bxa5 Ra3 55. Bb4 Rxa4 56. Kf5 Ra7 57. Rd6 Be7 58. Rh6 Kg7 59. Rg6+ Kf7 60. Rh6 Kg7 61. Re6 Bxb4 62. cxb4 Rb7 63. Re4 Rb5+ 64. Ke6 Kg6 65. g4 Rb8 66. Ke7 Rb7+ 67. Kd6 Rb8 68. Re6+ Kf7 69. Re7+ Kf6 70. Re6+ Kf7 71. Re4 Kg6 72. Kc7 Rf8 73. b5 Rf4 74. Rxf4 gxf4 75. b6 f3 76. b7 f2 77. b8=Q f1=Q 78. Qg8+ Kh6 79. Qh8+ Kg5 80. Qh5+ Kf6 81. g5+ Kg7 82. Qh6+ Kg8 83. Qg6+ Kf8 84. Qd6+ Kg7 85. Qe5+ 1/2-1/2

[Event "46th GRE-chT Premier 2018"]
[Site "Rio Achaia"]
[Date "2018.07.15"]
[Round "7"]
[White "Rousis, Mihail"]
[Black "Masouros, Panagiotis"]
[Result "1-0"]
[WhiteElo "2048"]
[BlackElo "1860"]
[Annotator "NA"]
[PlyCount "87"]
[EventDate "2018.07.10"]
[EventType "team-tourn"]
[EventCountry "GRE"]
[SourceTitle "playchess.com"]
[Source "ChessBase"]
[SourceQuality "1"]

1. e4 e6 2. d4 d5 3. Nd2 Nf6 4. e5 Nfd7 5. Bd3 c5 6. c3 Nc6 7. Ne2 Qb6 8. Nf3 cxd4 9. cxd4 f6 10. exf6 Nxf6 11. O-O Bd6 12. Bf4 Bxf4 13. Nxf4 O-O 14. Re1 Qxb2 15. Nxe6 Bxe6 16. Rxe6 Rae8 17. Rxe8 Rxe8 18. Rb1 Qc3 19. Bb5 Ne4 20. Ba4 Qa5 21. Rb5 Nc3 22. Rxa5 Nxd1 23. Bxc6 bxc6 24. Rxa7 Nc3 25. h3 h6 26. a4 Re4 27. Kf1 Ne2 28. Nd2 Re8 29. Nb3 Re4 30. f3 Re3 31. Rb7 Nc3 32. Nc5 Re8 33. a5 Nb5 34. a6 Kh7 35. Nb3 Ra8 36. Rb6 Nc7 37. Nc5 Nb5 38. Rxc6 Nxd4 39. Rd6 Nf5 40. Rd7 Rc8 41. a7 Kg6 42. Na4 Rc1+ 43. Ke2 Rc2+ 44. Kd3 1-0

[Event "46th GRE-chT Premier 2018"]
[Site "Rio Achaia"]
[Date "2018.07.15"]
[Round "7"]
[White "Kostas, Panagiotis"]
[Black "Georgiev, Krum"]
[Result "0-1"]
[WhiteElo "2041"]
[BlackElo "2330"]
[Annotator "NA"]
[PlyCount "68"]
[EventDate "2018.07.10"]
[EventType "team-tourn"]
[EventCountry "GRE"]
[SourceTitle "playchess.com"]
[Source "ChessBase"]
[SourceQuality "1"]

1. d4 Nf6 2. Nc3 d5 3. Bg5 c6 4. e3 g6 5. Nf3 Bg7 6. Be2 O-O 7. a4 a5 8. O-O Re8 9. Bh4 Nbd7 10. Ne5 Qb6 11. f4 Qxb2 12. Rb1 Qa3 13. Rb3 Qd6 14. Bg3 Qc7 15. e4 Qd8 16. Bh4 dxe4 17. Bc4 Rf8 18. d5 Nc5 19. Rb1 cxd5 20. Nxd5 Be6 21. Nb6 Rb8 22. Bf2 Bxc4 23. Nexc4 Qc7 24. Qe2 Rbd8 25. Rb5 Ne6 26. Rxa5 Nxf4 27. Qe1 Ne6 28. Rb5 Nd4 29. Rb1 Nxc2 30. Qc3 Ng4 31. Bg3 Qc5+ 32. Bf2 e3 33. Qxc2 exf2+ 34. Kh1 Qc7 0-1

[Event "46th GRE-chT Premier 2018"]
[Site "Rio Achaia"]
[Date "2018.07.15"]
[Round "7"]
[White "Abelakiotis, Stavros"]
[Black "Paraskevas, Georgios"]
[Result "1-0"]
[WhiteElo "2029"]
[BlackElo "1634"]
[Annotator "NA"]
[PlyCount "97"]
[EventDate "2018.07.10"]
[EventType "team-tourn"]
[EventCountry "GRE"]
[SourceTitle "playchess.com"]
[Source "ChessBase"]
[SourceQuality "1"]

1. e4 e5 2. Nf3 Nc6 3. Bb5 a6 4. Ba4 d6 5. c3 Bd7 6. O-O g6 7. d4 Bg7 8. d5 Nce7 9. Bxd7+ Qxd7 10. c4 h6 11. Qd3 f5 12. Nc3 Nf6 13. b4 b6 14. Nd2 f4 15. f3 h5 16. c5 g5 17. cxb6 cxb6 18. b5 a5 19. Nc4 Nc8 20. a4 Rg8 21. Ba3 Bf8 22. Ra2 Nh7 23. Ne2 g4 24. Kh1 Ng5 25. Ng1 Rb8 26. Rc2 Be7 27. Rfc1 Na7 28. Nxe5 dxe5 29. Bxe7 Kxe7 30. Rc7 Nf7 31. d6+ Nxd6 32. Qd5 Rg5 33. Rxd7+ Kxd7 34. Rd1 Nac8 35. Qf7+ Ne7 36. Rxd6+ Kxd6 37. Qf6+ Kd7 38. Qxg5 Rc8 39. Qxe5 Rc4 40. Qa1 Kd6 41. Qa3+ Rb4 42. Ne2 Ng6 43. Qd3+ Ke7 44. Nc3 Kf7 45. e5 Ne7 46. Ne4 Kf8 47. Qd8+ Kf7 48. Ng5+ Kg6 49. Qd6+ 1-0

[Event "46th GRE-chT Premier 2018"]
[Site "Rio Achaia"]
[Date "2018.07.15"]
[Round "7"]
[White "Petrakis, Stylianos"]
[Black "Sidiropoulos, Vasilis"]
[Result "1-0"]
[WhiteElo "2024"]
[BlackElo "1310"]
[Annotator "NA"]
[PlyCount "103"]
[EventDate "2018.07.10"]
[EventType "team-tourn"]
[EventCountry "GRE"]
[SourceTitle "playchess.com"]
[Source "ChessBase"]
[SourceQuality "1"]

1. e4 e5 2. Nf3 Nc6 3. d4 exd4 4. Bc4 Bc5 5. Ng5 Nh6 6. Nxf7 Nxf7 7. Bxf7+ Kxf7 8. Qh5+ Kf8 9. Qxc5+ Qe7 10. Qxe7+ Kxe7 11. c3 Rf8 12. O-O d6 13. Bg5+ Kf7 14. Rd1 dxc3 15. Nxc3 Kg8 16. h3 Be6 17. Be3 a6 18. Rd2 Ne5 19. b3 h6 20. f4 Nc6 21. Re1 Rae8 22. Rf2 Nb4 23. Ree2 d5 24. Bc5 Nd3 25. Bxf8 Nxf2 26. Kxf2 Rxf8 27. exd5 Bd7 28. Kg3 Kf7 29. Re5 Rd8 30. Kf3 c6 31. d6 Be6 32. f5 Bc8 33. Ne4 Rd7 34. g4 Kf8 35. h4 Kf7 36. Kf4 Kf8 37. g5 Kf7 38. f6 gxf6 39. gxf6 Kf8 40. Re7 b6 41. Ke5 c5 42. Nc3 b5 43. Nd5 Rxe7+ 44. dxe7+ Kf7 45. Kd6 c4 46. bxc4 bxc4 47. Nc7 c3 48. e8=Q+ Kxf6 49. Qe5+ Kg6 50. h5+ Kf7 51. Qe7+ Kg8 52. Ne8 1-0

[Event "46th GRE-chT Premier 2018"]
[Site "Rio Achaia"]
[Date "2018.07.15"]
[Round "7"]
[White "Sgouros, Apostolos"]
[Black "Hatzis Bakratsas, Alexandros"]
[Result "1-0"]
[WhiteElo "2024"]
[BlackElo "1975"]
[Annotator "NA"]
[PlyCount "72"]
[EventDate "2018.07.10"]
[EventType "team-tourn"]
[EventCountry "GRE"]
[SourceTitle "playchess.com"]
[Source "ChessBase"]
[SourceQuality "1"]

1. d4 Nf6 2. Nf3 c5 3. c3 b6 4. Bg5 Ne4 5. Bf4 e6 6. e3 d5 7. Bd3 Bd6 8. O-O O-O 9. Nbd2 Bb7 10. Qc2 f5 11. Bxd6 Qxd6 12. Ne5 Nc6 13. Ndf3 Ne7 14. a4 c4 15. Be2 Rac8 16. g3 g5 17. Ne1 Ng6 18. f3 Nf6 19. f4 Qc7 20. Nxg6 hxg6 21. Nf3 g4 22. Ng5 Rce8 23. Rf2 Kg7 24. Bf1 Rh8 25. b3 cxb3 26. Qxb3 Rh5 27. a5 Nd7 28. axb6 axb6 29. Ra7 Qc8 30. Bb5 Bc6 31. Qa4 Bxb5 32. Qxb5 Re7 33. Nxe6+ Kf6 34. Nc7 Kg7 35. Nxd5 Rf7 36. c4 g5 1-0

[Event "46th GRE-chT Premier 2018"]
[Site "Rio Achaia"]
[Date "2018.07.15"]
[Round "7"]
[White "Dimopoulos, Symeon"]
[Black "Grigoriadis, Mihail"]
[Result "0-1"]
[WhiteElo "2020"]
[BlackElo "2236"]
[Annotator "NA"]
[PlyCount "104"]
[EventDate "2018.07.10"]
[EventType "team-tourn"]
[EventCountry "GRE"]
[SourceTitle "playchess.com"]
[Source "ChessBase"]
[SourceQuality "1"]

1. e4 d6 2. d4 Nf6 3. Nc3 Nbd7 4. h3 e5 5. Nf3 Be7 6. Be3 c6 7. a4 Qc7 8. Be2 Nf8 9. Qd2 h6 10. Bd3 Bd7 11. dxe5 dxe5 12. Ne2 Ne6 13. Ng3 a5 14. c3 Bc5 15. Bc4 Bxe3 16. Qxe3 O-O 17. Bxe6 Bxe6 18. O-O Rfd8 19. Nf5 b6 20. g4 Bxf5 21. exf5 Re8 22. Rfd1 e4 23. Nd4 Re5 24. Qg3 Rae8 25. Nc2 Nd5 26. Ne3 Nxe3 27. Qxe3 Qe7 28. Kg2 h5 29. Re1 Qh4 30. Qg3 Qxg3+ 31. Kxg3 e3 32. f4 Rd5 33. Re2 Rd2 34. Kf3 h4 35. Rxd2 exd2 36. Rd1 Rd8 37. Ke3 Re8+ 38. Kd3 Re1 39. Rxd2 Rh1 40. b4 Rxh3+ 41. Kc4 Rf3 42. Rd4 h3 43. b5 h2 44. bxc6 h1=Q 45. c7 Qf1+ 46. Kb3 Qb1+ 47. Kc4 Qa2+ 48. Kb5 Rxc3 49. Rd8+ Kh7 50. c8=Q Qb3+ 51. Ka6 Rxc8 52. Rxc8 Qxa4 0-1

[Event "46th GRE-chT Premier 2018"]
[Site "Rio Achaia"]
[Date "2018.07.15"]
[Round "7"]
[White "Pappas, Andreas"]
[Black "Zysk, Robert"]
[Result "0-1"]
[WhiteElo "2019"]
[BlackElo "2421"]
[Annotator "TA"]
[PlyCount "50"]
[EventDate "2018.07.10"]
[EventType "team-tourn"]
[EventCountry "GRE"]
[SourceTitle "playchess.com"]
[Source "ChessBase"]
[SourceQuality "1"]

1. d4 Nf6 2. Bf4 b6 3. Nf3 Bb7 4. e3 g6 5. Be2 Bg7 6. Nbd2 O-O 7. h4 d6 8. c3 Nbd7 9. Qc2 Qe8 10. O-O-O e5 11. dxe5 dxe5 12. Bh2 Ng4 13. Bg3 Ndf6 14. h5 Nxh5 15. Rxh5 gxh5 16. Ng5 f5 17. Qb3+ Kh8 18. Bc4 Qe7 19. Nf7+ Rxf7 20. Bxf7 h4 21. Rh1 hxg3 22. Bg6 Nh6 23. e4 hxg6 24. exf5 gxf5 25. Qc2 Qg5 0-1

[Event "46th GRE-chT Premier 2018"]
[Site "Rio Achaia"]
[Date "2018.07.15"]
[Round "7"]
[White "Chatzieleftheriou, Andreas"]
[Black "Brokalakis - Gounaris, Christos"]
[Result "1-0"]
[WhiteElo "2012"]
[BlackElo "1901"]
[Annotator "NA"]
[PlyCount "103"]
[EventDate "2018.07.10"]
[EventType "team-tourn"]
[EventCountry "GRE"]
[SourceTitle "playchess.com"]
[Source "ChessBase"]
[SourceQuality "1"]

1. e4 e5 2. Nf3 Nc6 3. Bb5 a6 4. Bxc6 dxc6 5. Nc3 f6 6. d4 exd4 7. Qxd4 Qxd4 8. Nxd4 Bd6 9. Be3 Ne7 10. O-O-O Bd7 11. h4 O-O-O 12. Nde2 Be6 13. Bf4 Bf7 14. Bxd6 Rxd6 15. Nf4 Rhd8 16. f3 Rxd1+ 17. Rxd1 Rxd1+ 18. Kxd1 Kd7 19. Kd2 Kd6 20. a3 c5 21. h5 g5 22. hxg6 hxg6 23. Nd1 g5 24. Nd3 Nc6 25. Ne3 Be6 26. Nf2 Ne5 27. Nh1 Nc4+ 28. Nxc4+ Bxc4 29. Ke3 b5 30. g3 a5 31. Nf2 Be6 32. f4 gxf4+ 33. Kxf4 c4 34. c3 Bd7 35. Ng4 Ke6 36. Ne3 c6 37. Nc2 Kd6 38. Nd4 Bc8 39. Nf3 Kc5 40. e5 fxe5+ 41. Kxe5 b4 42. Nd4 Kb6 43. axb4 axb4 44. Kd6 c5 45. Ne6 bxc3 46. bxc3 Bb7 47. g4 Be4 48. Nxc5 Bg6 49. g5 Kb5 50. Ne6 Ka4 51. Ke5 Kb5 52. Nf4 1-0

[Event "46th GRE-chT Premier 2018"]
[Site "Rio Achaia"]
[Date "2018.07.15"]
[Round "7"]
[White "Papahristoudis, Anastasios"]
[Black "Fragkos, Vasilios"]
[Result "1/2-1/2"]
[WhiteElo "2012"]
[BlackElo "2066"]
[Annotator "NA"]
[PlyCount "104"]
[EventDate "2018.07.10"]
[EventType "team-tourn"]
[EventCountry "GRE"]
[SourceTitle "playchess.com"]
[Source "ChessBase"]
[SourceQuality "1"]

1. d4 c5 2. d5 Nf6 3. c4 e6 4. Nc3 exd5 5. cxd5 d6 6. Nf3 g6 7. e4 Bg7 8. h3 O-O 9. Bd3 Nh5 10. O-O Nd7 11. Bg5 Bf6 12. Bh6 Bg7 13. Bg5 Bf6 14. Bh6 Re8 15. Qd2 Ne5 16. Be2 Nxf3+ 17. Bxf3 Ng7 18. g4 a6 19. a4 Bd7 20. Bg2 b5 21. axb5 axb5 22. Rxa8 Qxa8 23. Kh1 b4 24. Nd1 Ba4 25. Bf4 Bb5 26. Re1 Qd8 27. Bg3 Bh4 28. Bxh4 Qxh4 29. f4 f5 30. Qf2 Qxf2 31. Nxf2 fxe4 32. Nxe4 Re7 33. Ra1 Ne8 34. Ra8 Kg7 35. Rd8 c4 36. Rb8 Nc7 37. f5 gxf5 38. gxf5 Rd7 39. f6+ Kh6 40. f7 Rxf7 41. Nxd6 Rf2 42. Nxb5 Nxb5 43. Rxb5 Rxb2 44. Rc5 c3 45. Be4 Re2 46. Rc6+ Kg5 47. Rc4 Kf6 48. Rxb4 c2 49. Bxc2 Rxc2 50. Rd4 Rc7 51. Kg2 Ke5 52. Rd2 Rd7 1/2-1/2

[Event "46th GRE-chT Premier 2018"]
[Site "Rio Achaia"]
[Date "2018.07.15"]
[Round "7"]
[White "Kadianis, Georgios"]
[Black "Gkikas, Vasilios"]
[Result "1/2-1/2"]
[WhiteElo "2002"]
[BlackElo "1892"]
[Annotator "NA"]
[PlyCount "85"]
[EventDate "2018.07.10"]
[EventType "team-tourn"]
[EventCountry "GRE"]
[SourceTitle "playchess.com"]
[Source "ChessBase"]
[SourceQuality "1"]

1. e4 e6 2. d4 d5 3. Nc3 Bb4 4. e5 b6 5. Bb5+ Bd7 6. Bd3 Nc6 7. Qg4 Bf8 8. a3 Nge7 9. Nf3 Bc8 10. Qf4 h6 11. g4 Qd7 12. h4 Bb7 13. h5 Ng8 14. g5 O-O-O 15. Be3 Kb8 16. O-O-O hxg5 17. Qxg5 f6 18. Qg3 fxe5 19. Nxe5 Nxe5 20. Qxe5 Bd6 21. Qg5 Qe7 22. Qg6 Nf6 23. Rde1 Bc6 24. Bb5 Be8 25. Bxe8 Qxe8 26. Qxg7 Nxh5 27. Qg4 Qf7 28. Kb1 a6 29. Qe2 Kb7 30. Bc1 Ng7 31. Nd1 Rxh1 32. Rxh1 Nf5 33. c3 Rg8 34. Ka2 Rg6 35. Ne3 Nxe3 36. Bxe3 Rg8 37. Qh5 Qxh5 38. Rxh5 Rg6 39. Kb3 Kc6 40. c4 dxc4+ 41. Kxc4 Rf6 42. Rh4 Rg6 43. Rh8 1/2-1/2

[Event "46th GRE-chT Premier 2018"]
[Site "Rio Achaia"]
[Date "2018.07.15"]
[Round "7"]
[White "Vasiliadis, Anastasios"]
[Black "Tsekouras, Theodoros"]
[Result "1/2-1/2"]
[WhiteElo "1997"]
[BlackElo "2210"]
[Annotator "NA"]
[PlyCount "60"]
[EventDate "2018.07.10"]
[EventType "team-tourn"]
[EventCountry "GRE"]
[SourceTitle "playchess.com"]
[Source "ChessBase"]
[SourceQuality "1"]

1. d4 Nf6 2. Nf3 g6 3. g3 Bg7 4. Bg2 O-O 5. O-O d6 6. c4 Nc6 7. Nc3 e5 8. dxe5 dxe5 9. Bg5 Be6 10. Qa4 Qc8 11. Rad1 Nd7 12. Nd5 Nb6 13. Qc2 f6 14. Be3 Rd8 15. Nxb6 axb6 16. Rxd8+ Qxd8 17. Rd1 Qe8 18. a3 Qf7 19. Rc1 Bf8 20. Nd2 f5 21. Bxc6 bxc6 22. Nf3 Bg7 23. Ng5 Qe7 24. Nxe6 Qxe6 25. Rd1 Bf6 26. a4 c5 27. b3 Rd8 28. Rxd8+ Bxd8 29. Qd2 Qd6 30. f3 Kf7 1/2-1/2

[Event "46th GRE-chT Premier 2018"]
[Site "Rio Achaia"]
[Date "2018.07.15"]
[Round "7"]
[White "Loutragotis, Paraskevas Pantelei"]
[Black "Blitsas, Orestis"]
[Result "1-0"]
[WhiteElo "1980"]
[BlackElo "1584"]
[Annotator "NA"]
[PlyCount "113"]
[EventDate "2018.07.10"]
[EventType "team-tourn"]
[EventCountry "GRE"]
[SourceTitle "playchess.com"]
[Source "ChessBase"]
[SourceQuality "1"]

1. e4 c5 2. Nf3 a6 3. c3 e6 4. d4 d5 5. e5 Bd7 6. Bd3 Bb5 7. O-O Bxd3 8. Qxd3 Nc6 9. a3 Nge7 10. Be3 cxd4 11. cxd4 Nc8 12. Nc3 Nb6 13. Nd2 Be7 14. f4 f5 15. exf6 Bxf6 16. Rae1 O-O 17. Rf2 Qd6 18. Rfe2 Rae8 19. Nf3 Nc4 20. Ne5 Nxe3 21. Qxe3 Bxe5 22. dxe5 Qc7 23. Qg3 Qf7 24. Rf2 Qf5 25. Rd1 Rf7 26. Qh4 Ref8 27. g4 Qg6 28. Rdf1 d4 29. Nb1 Qe4 30. Nd2 Qe3 31. Nc4 Qd3 32. Nd6 Re7 33. Qg3 Qxg3+ 34. hxg3 h6 35. Kg2 Kh7 36. Re1 Rd8 37. Kf3 Kg8 38. Ke4 Kh7 39. b4 Red7 40. Rc1 Na7 41. a4 Re7 42. Kxd4 Kg6 43. Ke4 Kh7 44. Rfc2 Rdd7 45. b5 axb5 46. axb5 Kg8 47. b6 Nc6 48. Rc4 Nd8 49. Rc8 Kh7 50. R1c7 Nf7 51. Rxd7 Rxd7 52. Nxf7 Rxf7 53. Rc7 Rf8 54. Rxb7 Rd8 55. f5 exf5+ 56. gxf5 Rd1 57. f6 1-0

[Event "46th GRE-chT Premier 2018"]
[Site "Rio Achaia"]
[Date "2018.07.15"]
[Round "7"]
[White "Boviatsis, Charalampos"]
[Black "Klerides, Paris"]
[Result "0-1"]
[WhiteElo "1979"]
[BlackElo "2196"]
[Annotator "NA"]
[PlyCount "92"]
[EventDate "2018.07.10"]
[EventType "team-tourn"]
[EventCountry "GRE"]
[SourceTitle "playchess.com"]
[Source "ChessBase"]
[SourceQuality "1"]

1. e4 c5 2. Nf3 a6 3. c4 d6 4. d4 cxd4 5. Nxd4 Nf6 6. Nc3 e6 7. Be2 Be7 8. O-O O-O 9. Be3 Qc7 10. Rc1 Nbd7 11. b3 b6 12. Qd2 Bb7 13. f3 Rac8 14. Rfd1 Rfd8 15. Bf1 Qb8 16. Bf2 Ne5 17. Qe1 Re8 18. Nc2 Qc7 19. Ne3 h6 20. h3 Nh5 21. Ng4 Nd7 22. Be3 Kh7 23. Bd3 Kh8 24. Qd2 Nhf6 25. Bb1 h5 26. Nf2 Qb8 27. Qe2 d5 28. cxd5 exd5 29. Nxd5 Bxd5 30. Rxc8 Qxc8 31. exd5 Bc5 32. Ne4 Bxe3+ 33. Qxe3 Qb8 34. Qd3 Qf4 35. Qxa6 Nxe4 36. fxe4 Ne5 37. Qe2 g6 38. Qf2 Qg5 39. Rf1 Kg8 40. Qxb6 Rc8 41. Qf6 Qe3+ 42. Qf2 Qg5 43. Qf4 Qe7 44. Rc1 Re8 45. Qe3 Qh4 46. Kh2 Ng4+ 0-1